Which Children's Book Author? Quiz Stats

 Plays Quiz Updated Mar 17, 2020

Support Sporcle.
Go Orange.
Score 0/24 Timer 05:00
2 Plays Today
Question Answer Wrong Answers
The Cat in the Hat Dr. Seuss
95.6%
Beverly Cleary
0.4%
Laura Ingalls Wilder
0.2%
Roald Dahl
0.6%
Green Eggs and Ham Dr. Seuss
94.4%
Beverly Cleary
1%
Laura Ingalls Wilder
0.6%
Roald Dahl
0.6%
Charlie and the Chocolate Factory Roald Dahl
94.2%
Beverly Cleary
0.8%
Dr. Seuss
1.4%
Laura Ingalls Wilder
0.5%
How the Grinch Stole Christmas! Dr. Seuss
93.8%
Beverly Cleary
0.8%
Laura Ingalls Wilder
0.4%
Roald Dahl
1.7%
James and the Giant Peach Roald Dahl
93.4%
Beverly Cleary
1.3%
Dr. Seuss
1.3%
Laura Ingalls Wilder
0.6%
Horton Hears a Who! Dr. Seuss
93.4%
Beverly Cleary
1.6%
Laura Ingalls Wilder
0.8%
Roald Dahl
0.8%
The Lorax Dr. Seuss
92.6%
Beverly Cleary
1.7%
Laura Ingalls Wilder
0.8%
Roald Dahl
1.5%
Little House on the Prairie Laura Ingalls Wilder
89.7%
Beverly Cleary
5.4%
Dr. Seuss
0.6%
Roald Dahl
0.7%
The BFG Roald Dahl
89.4%
Beverly Cleary
4.3%
Dr. Seuss
2.1%
Laura Ingalls Wilder
0.8%
Matilda Roald Dahl
85.9%
Beverly Cleary
8.9%
Dr. Seuss
0.7%
Laura Ingalls Wilder
1.3%
Oh, the Places You'll Go Dr. Seuss
83.1%
Beverly Cleary
7%
Laura Ingalls Wilder
4.8%
Roald Dahl
1.6%
On the Banks of Plum Creek Laura Ingalls Wilder
83.1%
Beverly Cleary
9.7%
Dr. Seuss
1.5%
Roald Dahl
1.9%
Beezus and Ramona Beverly Cleary
83%
Dr. Seuss
3.9%
Laura Ingalls Wilder
5%
Roald Dahl
4.5%
Fantastic Mr. Fox Roald Dahl
82.7%
Beverly Cleary
4.2%
Dr. Seuss
8.4%
Laura Ingalls Wilder
1.3%
The Long Winter Laura Ingalls Wilder
82.4%
Beverly Cleary
11%
Dr. Seuss
1%
Roald Dahl
1.9%
By the Shores of Silver Lake Laura Ingalls Wilder
82.3%
Beverly Cleary
11%
Dr. Seuss
1.1%
Roald Dahl
1.8%
The Witches Roald Dahl
82%
Beverly Cleary
10.3%
Dr. Seuss
1.1%
Laura Ingalls Wilder
3.1%
Ribsy Beverly Cleary
81.2%
Dr. Seuss
2.2%
Laura Ingalls Wilder
7.5%
Roald Dahl
5.3%
Fifteen Beverly Cleary
76.7%
Dr. Seuss
1.6%
Laura Ingalls Wilder
14.7%
Roald Dahl
3.3%
Farmer Boy Laura Ingalls Wilder
75.7%
Beverly Cleary
15.9%
Dr. Seuss
1.2%
Roald Dahl
3.4%
These Happy Golden Years Laura Ingalls Wilder
75.3%
Beverly Cleary
15.9%
Dr. Seuss
2.5%
Roald Dahl
2.6%
Henry Huggins Beverly Cleary
70.2%
Dr. Seuss
7.1%
Laura Ingalls Wilder
7.9%
Roald Dahl
10.9%
The Mouse and the Motorcycle Beverly Cleary
65.5%
Dr. Seuss
9.2%
Laura Ingalls Wilder
5.7%
Roald Dahl
16%
Socks Beverly Cleary
54.7%
Dr. Seuss
31.5%
Laura Ingalls Wilder
4.9%
Roald Dahl
5.3%

From the Vault

World Leaders Celebrating Hanukkah

by SporcleEXP

Hanukkah: eight nights of fun for everyone!
Remove Ads.
Support Sporcle.
Get the best of Sporcle when you Go Orange. This ad-free experience offers more features, more stats, and more fun while also helping to support Sporcle. Thank you for becoming a member.

Show Comments

Extras

Top Quizzes Today


Score Distribution

Your Account Isn't Verified!

In order to create a playlist on Sporcle, you need to verify the email address you used during registration. Go to your Sporcle Settings to finish the process.

Report this User

Report this user for behavior that violates our Community Guidelines.

Details: